[Event "Challenge"]
[Site "http://www.queenalice.com/game.php?id=588191"]
[Date "2009.5.14"]
[Round "-"]
[White "Keres79"]
[Black "hrrrr"]
[Result "1-0"]
[WhiteElo "1728"]
[BlackElo "1408"]

1. e4 c5 2. Nf3 d6 3. d4 cxd4 4. Nxd4 Nf6 5. Nc3 a6 6. Be3 e5 7. Nb3 Be6 8. f3
Nbd7 9. g4 b5 10. g5 b4 11. Nd5 1-0

[Event "QA-ANNIV-07"]
[Site "http://www.queenalice.com/game.php?id=950617"]
[Date "2011.6.16"]
[Round "1"]
[White "Keres79"]
[Black "Sugarrayederson"]
[Result "1-0"]
[WhiteElo "1748"]
[BlackElo "1826"]

1. e4 d5 2. exd5 Qxd5 3. Nc3 Qa5 4. d4 Nf6 5. Nf3 Bf5 6. Ne5 c6 7. Bf4 Nbd7 8.
Nc4 Qd8 9. Ne3 Bg6 10. h4 h6 11. h5 Bh7 12. Bd3 Bxd3 13. Qxd3 e6 14. O-O-O Nb6
15. Be5 Be7 16. g4 Bd6 17. f4 Bxe5 18. fxe5 Nfd5 19. Ne4 Nxe3 20. Nd6+ Ke7 21.
Qxe3 Qc7 22. Rhf1 Raf8 23. Qa3 Kd8 24. Qxa7 Nd5 25. Nxf7+ Rxf7 26. Qa8+ Ke7 27.
Rxf7+ Kxf7 28. Rf1+ Ke7 29. Qxh8 1-0

[Event "QA-ANNIV-07"]
[Site "http://www.queenalice.com/game.php?id=992209"]
[Date "2011.10.1"]
[Round "2"]
[White "Giant"]
[Black "Keres79"]
[Result "0-1"]
[WhiteElo "2308"]
[BlackElo "1965"]

1. d4 Nf6 2. g3 d5 3. Bg2 c5 4. Nf3 cxd4 5. Qxd4 Nc6 6. Qd1 e5 7. O-O Be7 8. c3
O-O 9. Nbd2 Qc7 10. Nh4 Rd8 11. Re1 e4 12. Nb3 Nh5 13. e3 Ne5 14. Nd4 g6 15.
Nhf5 Bf8 16. Rf1 a6 17. Nh4 Ng7 18. f4 Nd3 19. Rb1 Be7 20. Bd2 h5 21. f5 Bxh4
22. fxg6 Bg5 23. gxf7+ Kf8 24. Qa4 Bg4 25. Kh1 b5 26. Qa3+ Be7 27. Qb3 h4 28.
gxh4 Bxh4 29. Kg1 Qd6 30. a4 Qg6 31. c4 Bh3 32. Bb4+ Nxb4 33. Qxb4+ Rd6 34. Qd2
bxc4 35. Rbc1 Bxg2 36. Qxg2 Qxg2+ 37. Kxg2 Rb8 38. Rc2 Bf6 39. Rcf2 Bxd4 40.
exd4 Rg6+ 0-1

[Event "AUTO-OPEN-3238"]
[Site "http://www.queenalice.com/game.php?id=1275739"]
[Date "2014.4.24"]
[Round "1"]
[White "Keres79"]
[Black "Zefil"]
[Result "1-0"]
[WhiteElo "2170"]
[BlackElo "2113"]

1. e4 d5 2. exd5 Qxd5 3. Nc3 Qa5 4. d4 Nf6 5. Nf3 Bg4 6. h3 Qh5 7. hxg4 Qxh1 8.
Ne2 g5 9. Bxg5 Ne4 10. Bf4 Bh6 11. Qd3 Bxf4 12. Qxe4 Bd2+ 13. Nxd2 Nc6 14. d5
Nd8 15. Nd4 Qh6 16. Bb5+ Kf8 17. Nf5 Qf6 18. g5 Qxg5 19. Nf3 1-0

[Event "AUTO-OPEN-3238"]
[Site "http://www.queenalice.com/game.php?id=1275740"]
[Date "2014.4.24"]
[Round "1"]
[White "Zefil"]
[Black "Keres79"]
[Result "0-1"]
[WhiteElo "2113"]
[BlackElo "2199"]

1. b3 d5 2. Bb2 Nf6 3. e3 c5 4. f4 g6 5. Nf3 Bg7 6. Bb5+ Bd7 7. Bxd7+ Qxd7 8.
O-O O-O 9. Ne5 Qc7 10. Rf3 Rd8 11. d3 Nfd7 12. d4 Nc6 13. c3 Ncxe5 14. fxe5 f6
15. exf6 exf6 16. Nd2 f5 17. Nf1 Nf6 18. Ng3 Rac8 19. Ba3 b6 20. Rc1 Re8 0-1

[Event "AUTO-OPEN-3238"]
[Site "http://www.queenalice.com/game.php?id=1275741"]
[Date "2014.4.24"]
[Round "1"]
[White "Keres79"]
[Black "TheBigSid"]
[Result "1-0"]
[WhiteElo "2071"]
[BlackElo "2216"]

1. g3 d5 2. Nf3 c5 3. Bg2 Nc6 4. d4 e6 5. O-O Nf6 6. c4 Be7 7. cxd5 exd5 8. Nc3
O-O 9. dxc5 Bxc5 10. a3 h6 11. b4 Bb6 12. Bb2 Be6 13. Na4 Qe7 14. Rc1 Rfd8 15.
Nxb6 axb6 16. e3 Ne4 17. Nd4 Ne5 18. Nxe6 Qxe6 19. Qd4 f6 20. Bxe4 dxe4 21. Qxe4
1-0

[Event "AUTO-OPEN-3238"]
[Site "http://www.queenalice.com/game.php?id=1275742"]
[Date "2014.4.24"]
[Round "1"]
[White "TheBigSid"]
[Black "Keres79"]
[Result "0-1"]
[WhiteElo "2216"]
[BlackElo "2126"]

1. d4 Nf6 2. c4 e6 3. Nc3 Bb4 4. Qc2 O-O 5. Bg5 c5 6. Nf3 cxd4 7. Nxd4 Nc6 8.
Nb3 h6 9. Bh4 b6 10. e3 Bb7 11. Be2 Rc8 12. O-O Bxc3 13. Qxc3 g5 14. Bg3 Ne4 15.
Qd3 Nb4 16. Qb1 f5 17. Be5 Nc6 18. Bc3 Nxc3 19. bxc3 Ne5 20. Rd1 Nxc4 21. Nd4
Qf6 22. Qb5 Ne5 23. f4 gxf4 24. exf4 Qg7 25. g3 Ng6 0-1

[Event "AUTO-OPEN-3238"]
[Site "http://www.queenalice.com/game.php?id=1322467"]
[Date "2014.11.16"]
[Round "2"]
[White "greggy"]
[Black "Keres79"]
[Result "1/2-1/2"]
[WhiteElo "2575"]
[BlackElo "2223"]

1. d4 Nf6 2. c4 e6 3. Nc3 Bb4 4. e3 O-O 5. Nf3 c5 6. Bd3 d5 7. O-O Nc6 8. cxd5
exd5 9. dxc5 Bxc5 10. b3 Bg4 11. Bb2 a6 12. h3 Bh5 13. Rc1 Ba7 14. Be2 Bg6 15.
Nh4 d4 16. exd4 Nxd4 17. Nxg6 hxg6 18. Bf3 Qd7 19. Ne4 Nxf3+ 20. Qxf3 Nxe4
1/2-1/2

[Event "AUTO-OPEN-3238"]
[Site "http://www.queenalice.com/game.php?id=1322468"]
[Date "2014.11.16"]
[Round "2"]
[White "Keres79"]
[Black "greggy"]
[Result "1-0"]
[WhiteElo "2245"]
[BlackElo "2638"]

1. e4 e5 2. Nf3 Nc6 3. Bb5 Nf6 4. d3 d6 5. c3 Be7 6. O-O O-O 7. Re1 Bd7 8. h3 h6
9. Nbd2 Re8 10. Nf1 a6 11. Ba4 Na5 12. d4 Bxa4 13. Qxa4 Nc6 14. Ng3 exd4 15.
cxd4 d5 16. e5 Nh7 17. Qc2 Nf8 18. Be3 Ne6 19. Qf5 Bf8 20. Qg4 g6 21. h4 Nb4 22.
h5 g5 23. Re2 Kh8 24. Rd1 Nxa2 25. Nh2 Nb4 26. Qf3 Bg7 27. Nf5 Rg8 28. Ng4 Qf8
29. Bd2 Nc6 30. Bc3 Rd8 31. Red2 Na7 32. g3 Nb5 33. Ra1 c6 34. Ba5 Rb8 35. Bb6
Re8 36. Rb1 Ra8 37. b4 Re8 38. Kg2 Ra8 39. Bc5 Nxc5 40. bxc5 Rc8 41. Qe3 b6 42.
cxb6 Rb8 43. f4 gxf4 44. Qxf4 Rxb6 45. Nfxh6 Bxh6 46. Nxh6 Rg7 47. Qf6 Kh7 48.
e6 Rb7 49. Nf5 Rg4 50. Re2 Re4 51. Rxe4 dxe4 52. e7 Rxe7 53. Nxe7 Nxd4 54. Rb8
Qg7 55. Qf4 f5 56. Nxf5 Ne6 57. Qxe4 1-0

[Event "AUTO-OPEN-3238"]
[Site "http://www.queenalice.com/game.php?id=1362382"]
[Date "2015.5.29"]
[Round "3"]
[White "artur59"]
[Black "Keres79"]
[Result "1/2-1/2"]
[WhiteElo "2713"]
[BlackElo "2322"]

1. e4 c5 2. Nf3 d6 3. d4 cxd4 4. Nxd4 Nf6 5. Nc3 a6 6. Bg5 e6 7. f4 Qb6 8. a3
Nbd7 9. f5 exf5 10. exf5 Be7 11. Bc4 h6 12. Be3 O-O 13. Bb3 Nc5 14. Qf3 Nxb3 15.
cxb3 Re8 16. O-O-O Qc7 17. Rhg1 d5 18. Bf4 Bd6 19. Bxd6 Qxd6 1/2-1/2

[Event "AUTO-OPEN-3238"]
[Site "http://www.queenalice.com/game.php?id=1362383"]
[Date "2015.5.29"]
[Round "3"]
[White "Keres79"]
[Black "artur59"]
[Result "1-0"]
[WhiteElo "2378"]
[BlackElo "2746"]

1. e4 e6 2. d4 d5 3. Nc3 Bb4 4. e5 c5 5. a3 Bxc3+ 6. bxc3 Ne7 7. Qg4 Qc7 8. Qxg7
Rg8 9. Qxh7 cxd4 10. Ne2 Nbc6 11. f4 Bd7 12. Qd3 dxc3 13. Qxc3 O-O-O 14. h3 Kb8
15. g4 Rc8 16. Rb1 Qd8 17. Bd2 Rc7 18. Qf3 Rc8 19. Qf2 Na5 20. Nd4 Ba4 21. Bd3
Nc4 22. g5 Nc6 23. h4 Nxd2 24. Nxc6+ Rxc6 25. Qxd2 Qc7 26. Rh2 Rc3 27. h5 Rc8
28. h6 a6 29. h7 Rh8 30. f5 exf5 31. Qf4 Rxd3 32. cxd3 Qc3+ 33. Qd2 Qxe5+ 34.
Qe2 Qg3+ 35. Qf2 Qxd3 36. Qf4+ Ka8 37. Rc1 Bb5 38. a4 Bxa4 39. Qe5 f6 40. gxf6
Re8 41. Rc8+ Rxc8 42. h8=Q Rxh8 43. Rxh8+ 1-0

[Event "Let's Play Chess!"]
[Site "http://www.queenalice.com/game.php?id=1372623"]
[Date "2015.7.21"]
[Round "-"]
[White "Keres79"]
[Black "C64"]
[Result "1/2-1/2"]
[WhiteElo "2292"]
[BlackElo "2251"]

1. e4 c5 2. Nf3 e6 3. d4 cxd4 4. Nxd4 Nc6 5. Nc3 Qc7 6. Be3 a6 7. Qd2 Nf6 8.
O-O-O Nxd4 9. Qxd4 Ng4 10. Qb6 Qc6 11. Qxc6 bxc6 12. Bb6 d5 13. Na4 Nf6 14. exd5
cxd5 15. Bd4 Nd7 16. g3 Bb7 17. Bg2 Bc6 1/2-1/2

[Event "Let's Play Chess!"]
[Site "http://www.queenalice.com/game.php?id=1381885"]
[Date "2015.9.9"]
[Round "-"]
[White "Keres79"]
[Black "dnptrs"]
[Result "1-0"]
[WhiteElo "2289"]
[BlackElo "2208"]

1. g3 d5 2. Nf3 Nf6 3. Bg2 e6 4. d4 Be7 5. c4 O-O 6. O-O Nbd7 7. Qc2 c6 8. Bf4
Ne4 9. h4 f6 10. Nbd2 g5 11. hxg5 fxg5 12. Be3 g4 13. Nh2 Nef6 14. Bh6 Re8 15.
e4 dxe4 16. Nxe4 Bf8 17. Bg5 Be7 18. Bf4 Nxe4 19. Bxe4 Nf6 20. Bxh7+ Nxh7 21.
Nxg4 Qxd4 22. Qg6+ 1-0

[Event "Let's Play Chess!"]
[Site "http://www.queenalice.com/game.php?id=1383317"]
[Date "2015.9.16"]
[Round "-"]
[White "dnptrs"]
[Black "Keres79"]
[Result "0-1"]
[WhiteElo "2217"]
[BlackElo "2306"]

1. d4 Nf6 2. Nf3 e6 3. c4 b6 4. a3 Bb7 5. Nc3 d5 6. cxd5 Nxd5 7. e3 Nxc3 8. bxc3
Bd6 9. Bd3 c5 10. O-O O-O 11. e4 Nc6 12. Be3 cxd4 13. cxd4 Rc8 14. Qd2 Na5 15.
Qb2 f5 16. Bg5 Qe8 17. Nd2 Qg6 0-1

[Event "Let's Play Chess!"]
[Site "http://www.queenalice.com/game.php?id=1430480"]
[Date "2016.7.6"]
[Round "-"]
[White "ClivetheBeard"]
[Black "Keres79"]
[Result "0-1"]
[WhiteElo "2539"]
[BlackElo "2352"]

1. b4 e5 2. Bb2 Bxb4 3. Bxe5 Nf6 4. Nc3 Ba5 5. e3 d6 6. Bxf6 Qxf6 7. Ne4 Qe7 8.
Bd3 Nd7 9. Nf3 O-O 10. Rb1 c6 11. O-O Ne5 12. Nxe5 dxe5 13. f4 exf4 14. Qh5 f5
15. Ng5 g6 16. Bc4+ Kh8 17. Qh6 Qg7 18. Qxg7+ Kxg7 19. Be6 Bxd2 20. Bxc8 Bxe3+
21. Kh1 Rfxc8 22. Rxb7+ Kh6 23. h4 Rh8 24. Nf7+ Kh5 25. Nxh8 Rxh8 26. Rf3 Kg4
0-1

[Event "Let's Play Chess!"]
[Site "http://www.queenalice.com/game.php?id=1440181"]
[Date "2016.9.8"]
[Round "-"]
[White "Keres79"]
[Black "dnptrs"]
[Result "1-0"]
[WhiteElo "2340"]
[BlackElo "2203"]

1. e4 c5 2. Nf3 e6 3. d4 cxd4 4. Nxd4 Nf6 5. Nc3 d6 6. Be3 Be7 7. f3 a6 8. Qd2
Nc6 9. O-O-O Nxd4 10. Bxd4 e5 11. Be3 Be6 12. g4 b5 13. g5 Nd7 14. h4 Nb6 15. f4
Nc4 16. Bxc4 Bxc4 17. b3 Be6 18. f5 Bc8 19. Nd5 Rb8 20. h5 Bb7 21. g6 h6 22.
gxf7+ Kxf7 23. Rhg1 Bxd5 24. Qxd5+ Kf8 25. Rg6 Rc8 26. f6 Bxf6 27. Qe6 Rh7 28.
Rxf6+ 1-0